Random questions Quiz Stats

 Plays Quiz not verified by Sporcle

Support Sporcle.
Go Orange.
Score 0/14 Timer 01:30
0 Plays Today
% Correct
Spongebob squarepants
90%
Peter parker
60%
Sparta
50%
penguin
40%
the cake is a lie
40%
sporcle
40%
bowser
30%
% Correct
Keith lemon
20%
Skyfall
20%
Put holes in it
10%
adele
10%
pull it backwards
0%
ham and pinaple
0%
Jack and Jill
0%

You're not logged in!

Compare scores with friends on all Sporcle quizzes.
OR
Log In

From the Vault

Book of the Bible or Sura of the Quran?

by javaso

The Quran contains references to many people and events also found in the Bible, but unfortunately neither book contains unicorns.
Remove Ads.
Support Sporcle.
Get the best of Sporcle when you Go Orange. This ad-free experience offers more features, more stats, and more fun while also helping to support Sporcle. Thank you for becoming a member.

Show Comments

Extras

Created Dec 9, 2012ReportNominate

Top Quizzes Today


Score Distribution

Your Account Isn't Verified!

In order to create a playlist on Sporcle, you need to verify the email address you used during registration. Go to your Sporcle Settings to finish the process.

Report this User

Report this user for behavior that violates our Community Guidelines.

Details: